MARC

LEADER 00000nam0a2200000 4500
001 331953
005 20231102004416.0
035 |a (RuTPU)RU\TPU\book\357837 
090 |a 331953 
100 |a 20170512d1960 k y0rusy50 ca 
101 0 |a rus 
102 |a RU 
105 |a a z 100zy 
200 1 |a Развитие производительных сил Восточной Сибири  |h  Химическая промышленность  |e труды конференции  |f Академия наук СССР (АН СССР), Сибирское отделение (СО) ; под ред. И. П. Бардина [и др.] 
210 |a Москва  |c Изд-во Академии наук СССР  |d 1960 
215 |a 204 с.  |c ил. 
606 1 |a Химическая промышленность,предприятия  |x Экономика  |2 stltpush  |3 (RuTPU)RU\TPU\subj\30900  |9 53913 
610 1 |a Восточная Сибирь 
610 1 |a производительные силы 
610 1 |a развитие 
610 1 |a органический синтез 
610 1 |a высокомолекулярные соединения 
610 1 |a волокна 
610 1 |a мономеры 
610 1 |a руды 
610 1 |a топлива 
610 1 |a метанол 
610 1 |a уголь 
610 1 |a растения 
610 1 |a минеральные удобрения 
610 1 |a серная кислота 
610 1 |a сода 
610 1 |a хлорная промышленность 
610 1 |a азотная промышленность 
610 1 |a научно-исследовательская работа 
610 1 |a доклады 
610 1 |a конференции 
675 |a 66:658(063)  |v 4 
702 1 |a Бардин  |b И. П.  |4 340 
712 0 2 |a Академия наук СССР (АН СССР)  |b Сибирское отделение (СО)  |2 stltpush  |3 (RuTPU)RU\TPU\col\11215 
712 1 2 |a Развитие производительных сил Восточной Сибири  |c конференция  |e Москва  |f 1958  |4 570 
801 1 |a RU  |b 63413507  |c 20170512 
801 2 |a RU  |b 63413507  |c 20170516  |g RCR 
942 |c BK